| 000 | 00000nam##2200000za#4500 |
| 001 | 9.578798 |
| 003 | CaOODSP |
| 005 | 20210624190245 |
| 007 | cr ||||||||||| |
| 008 | 150406|2006||||xxc|||||o f|0| 0 eng|d |
| 040 | |aCaOODSP|beng |
| 043 | |an-cn--- |
| 086 | 1 |aFs3-6/2006-01E-PDF |
| 110 | 1 |aCanada. |bDepartment of Fisheries and Oceans. |
| 245 | 10|aGulf of Maine-Georges Bank herring stock complex |h[electronic resource] |
| 260 | |aOttawa - Ontario : |bFisheries and Oceans Canada |cMay 2006. |
| 300 | |a6p.|bcoloured map, graphs, references, tables |
| 490 | 1 |aTransboundary Resource Assessment Committee status report |v2006/01 |
| 590 | |a14-12-Supp|b2014-05-30 |
| 775 | 08|tComplexe de stocks de hareng du golfe du Maine et du banc Georges |w(CaOODSP)9.606576 |
| 830 | #0|aTransboundary Resource Assessment Committee status report ;|v2006/01|w(CaOODSP)9.507743 |
| 856 | 40|ahttp://publications.gc.ca|qPDF|s92 KB|uhttps://publications.gc.ca/collections/collection_2014/mpo-dfo/Fs3-6-2006-01-eng.pdf|y2006/01 |